00471nam a22001577a 450000500170000001000130001702000270003003500130005703700090007008200080007910000240008724500460011126000560015727000670021330000330028020210825110455.0 aB-741351 a9789352702404c1289.00 aB-741351 bGift a610 aPritesh Kumar Singh aINI-CET essence /cby Pritesh Kumar Singh aNew DelhibJaypee Brothers Medical Publishersc2021 aEMCA House, 23/23-B, Ansari Road, DaryaganjbNew Delhie110002 axix, 552p.:bill.c27cm(pbk)